| 000 | 00440nam a22001457a 4500 | ||
|---|---|---|---|
| 005 | 20250222142029.0 | ||
| 008 | 250222b |||||||| |||| 00| 0 eng d | ||
| 020 | _a0871893878 | ||
| 050 |
_aRG591 _b.H85 |
||
| 245 |
_aThe Human Placenta/ _bclinical perspectives _cedited by J. Patrick Lavery |
||
| 260 |
_aRockville, Maryland _bAspen Publications _c1987 |
||
| 300 |
_axv. 288p. _bill. _c26cm |
||
| 700 | _aLavery, J. Patrick | ||
| 942 |
_2lcc _cBK _n0 |
||
| 999 |
_c4135 _d4135 |
||